Fnaf Animatronics - Statystyki

Ogólne statystyki
  • Ten quiz został rozwiązany 20 razy
  • Średni wynik to 32 z 82
Statystyki odpowiedzi
Hint Odpowiedź % Poprawnych
Fnaf 1 Freddy
100%
Fnaf 1 Bonnie
89%
Fnaf 1 Chica
89%
Fnaf 1 Foxy
78%
Fnaf 1 Golden Freddy
78%
Fnaf 2 Toy Chica
72%
Fnaf 2 Mangle
67%
Fnaf 2 Toy Freddy
67%
Fnaf 2 Toy Bonnie
61%
Fnaf 2 Balloon Boy
56%
Fnaf SL Funtime Freddy
56%
Fnaf 3 Springtrap
56%
Fnaf SL Funtime Foxy
50%
Fnaf Security Breach Glamrock Chica
50%
Fnaf Security Breach Glamrock Freddy
50%
Fnaf 4 Nightmare Bonnie
50%
Fnaf 4 Nightmare Chica
50%
Fnaf 4 Nightmare Foxy
50%
Fnaf 4 Nightmare Freddy
50%
Fnaf SL Ballora
44%
Fnaf SL Bon-Bon
44%
Fnaf SL Circus Baby
44%
Fnaf PS Lefty
44%
Fnaf PS Molten Freddy
44%
Fnaf 4 Nightmarionne
44%
Fnaf 3 Phantom Chica
44%
Fnaf 3 Phantom Foxy
44%
Fnaf 3 Phantom Freddy
44%
Fnaf 4 Plushtrap
44%
Fnaf 2 Puppet
44%
Fnaf PS Rockstar Bonnie
44%
Fnaf PS Rockstar Chica
44%
Fnaf PS Rockstar Freddy
44%
Fnaf 2 Withered Chica
44%
Fnaf 2 Withered Foxy
44%
Fnaf 2 Withered Freddy
44%
Fnaf SL Bidybab
39%
Fnaf SL Bonnet
39%
Fnaf SL Ennard
39%
Fnaf SL Funtime Chica
39%
Fnaf SL Minireena
39%
Fnaf 4 Nightmare Balloon Boy
39%
Fnaf 4 Nightmare Fredbear
39%
Fnaf 3 Phantom Mangle
39%
Fnaf 3 Phantom Puppet
39%
Fnaf PS Rockstar Foxy
39%
Fnaf PS Scrap Baby
39%
Fnaf PS Scraptrap
39%
Fnaf 2 Withered Bonnie
39%
Fnaf 1 Endo-01
33%
Fnaf Security Breach Montgomery Gator
33%
Mediocre Melodies Mr. Hippo
33%
Fnaf 3 Phantom Balloon Boy
33%
Trash And The Gang Bucket Bob
28%
Fnaf PS El Chip
28%
Fnaf 4 (Other) Freddles
28%
Mediocre Melodies Happy Frog
28%
Fnaf PS Helpy
28%
Fnaf SL Lolbit
28%
Trash And The Gang Mr. Can-Do
28%
Mediocre Melodies Nedd Bear
28%
Mediocre Melodies Orville Elephant
28%
Fnaf Security Breach Roxanne Wolf
28%
Fnaf Security Breach Sundrop
28%
Fnaf Security Breach Vanny
28%
Fnaf Security Breach DJ Music Man
22%
Fnaf 4 Jack-o-Chica
22%
Fnaf Security Breach Moondrop
22%
Fnaf SL Music Man
22%
Mediocre Melodies Pigpatch
22%
Fnaf PS Security Puppet
22%
Fnaf PS Candy Cadet
17%
Trash And The Gang No. 1 Crate
17%
Fnaf PS Egg Baby
11%
Juice Fountain Clowns Fruit Punch Clown
11%
Juice Fountain Clowns Lemonade Clown
11%
Trash And The Gang Mr. Hugs
11%
Fnaf 4 Nightmare Endo
11%
Fnaf PS Plushbaby
11%
Fnaf PS Prize King
11%
Fnaf PS Gumball Swivelhands
6%
Fnaf PS Scrap Plushbaby
6%
Nie znaleziono quizów pasujących do podanych kryteriów
Rozkład punktacji
Procent ludzi z każdym wynikiem
Percentyl według liczby udzielonych odpowiedzi
Twoja historia wyników
Nie rozwiązałeś tego quizu